Statistics for Actors by Letter - D

Click here to take the quiz!

General Stats

  • This quiz has been taken 117 times
  • The average score is 11 of 20

Answer Stats

Years ActiveNationalityMovies or TV ShowsActor% Correct
1992 -Skyfall | Knives OutDaniel Craig
86%
1975 -Flight | Training DayDenzel Washington
86%
1960 -Rain Man | The GraduateDustin Hoffman
83%
1970 - 2017Lincoln | There Will Be BloodDaniel Day-Lewis
82%
1999 -Harry Potter and the Philosopher's Stone | Swiss Army ManDaniel Radcliffe
79%
1981 -Ghost | Indecent ProposalDemi Moore
79%
1980 -Charlie's Angels | 50 First DatesDrew Barrymore
73%
1969 -Matilda | Batman ReturnsDanny DeVito
64%
1968 -Annie Hall | Something's Gotta GiveDiane Keaton
61%
1971 -The Blues Brother | GhostbustersDan Aykroyd
60%
2007 -Slumdog Millionaire | LionDev Patel
56%
1984 -Iron Man 2 | Hotel RwandaDon Cheadle
54%
1987 -Doctor Who | BroadchurchDavid Tennant
52%
1969 -Miami Vice | Nash BridgesDon Johnson
49%
1999 -I Am Sam | War of the WorldsDakota Fanning
43%
1979 -Unfaithful | Under the Tuscon SunDiane Lane
30%
2006 -Get Out | Queen & SlimDaniel Kaluuya
29%
1970 -Edward Scissorhands | Hannah and Her SistersDianne Wiest
23%
2005 -Bajirao Mastani | XXX: Return of Xander CageDeepika Padukone
9%
1928 - 1987Twelve O'Clock High | White ChristmanDean Jagger
2%

Score Distribution

Percentile by Number Answered

Percent of People with Each Score

Your Score History

You have not taken this quiz